Maggior numero di Convocazioni ai Mondiali - Statistics

Statistiche generali
  • Questo quiz è stato fatto 32 volte
  • Il punteggio medio è 5 su 8
Statistiche sulle risposte
Nazione Edizioni a cui ha partecipato Calciatore % Corretto
Portogallo 2006; 2010; 2014; 2018; 2022 Cristiano Ronaldo
100%
Italia 1998; 2002; 2006; 2010; 2014 Gianluigi Buffon
97%
Argentina 2006; 2010; 2014; 2018; 2022 Lionel Messi
97%
Messico 2006; 2010; 2014; 2018; 2022 Guillermo Ochoa
72%
Germania 1982; 1986; 1990; 1994, 1998 Lothar Matthäus
56%
Messico 2002, 2006; 2010; 2014; 2018 Rafael Márquez
47%
Messico 2006; 2010; 2014; 2018; 2022 Andrés Guardado
34%
Messico 1950; 1954, 1958; 1962; 1966 Antonio Carbajal
6%
Nessun quiz corrispondente trovato
Distribuzione punteggi
Percentuale di utenti per punteggio
Percentile per numero di risposta
I tuoi punteggi nel tempo
Non hai fatto questo quiz